[Event "Sabaneta op-B 2nd"]
[Site "Sabaneta Antioquia"]
[Date "2023.07.03"]
[Round "8"]
[White "Morales, Luis Eduardo"]
[Black "Gonzalez Bolivar, Juan Jose"]
[Result "0-1"]
[WhiteElo "1637"]
[BlackElo "1564"]
[PlyCount "76"]
[EventDate "2023.06.28"]
[EventType "swiss"]
[EventRounds "9"]
[EventCountry "COL"]
[SourceTitle "EXT 2024"]
[Source "ChessBase"]
[SourceDate "2023.10.10"]
[SourceVersion "1"]
[SourceVersionDate "2023.10.10"]
[SourceQuality "1"]

1. e4 e5 2. Nf3 Nc6 3. c3 Nf6 4. d4 exd4 5. e5 Qe7 6. cxd4 d6 7. Bb5 dxe5 8. Nxe5 Bd7 9. Bxc6 Bxc6 10. 0-0 Qd6 11. Bf4 Qd5 12. Nxc6 Qxc6 13. Nd2 Nd5 14. Re1+ Be7 15. Be5 0-0 16. Rc1 Qd7 17. Nf3 Rfe8 18. a3 c6 19. Re4 f6 20. Bg3 Bd6 21. Rh4 g5 22. Rh5 Bf4 23. Nd2 Qf7 24. Rc2 Bxd2 25. Rxd2 Qxh5 26. f3 Re6 27. h3 Rae8 28. Qb3 Qf7 29. Kh2 Ne3 30. Qd3 Qg6 31. Qxg6+ hxg6 32. Rf2 Nf5 33. Bc7 Re2 34. Kg1 Rxf2 35. Kxf2 Nxd4 36. Kg3 b6 37. Kg4 f5+ 38. Kg3 Nb5 0-1

[Event "Sabaneta op-B 2nd"]
[Site "Sabaneta Antioquia"]
[Date "2023.07.02"]
[Round "7"]
[White "Gonzalez Bolivar, Juan Jose"]
[Black "Alzate Velez, Valentin"]
[Result "1-0"]
[WhiteElo "1564"]
[BlackElo "1472"]
[PlyCount "113"]
[EventDate "2023.06.28"]
[EventType "swiss"]
[EventRounds "9"]
[EventCountry "COL"]
[SourceTitle "EXT 2024"]
[Source "ChessBase"]
[SourceDate "2023.10.10"]
[SourceVersion "1"]
[SourceVersionDate "2023.10.10"]
[SourceQuality "1"]

1. e4 c5 2. Nf3 Nc6 3. d4 cxd4 4. Nxd4 Nf6 5. Nc3 d6 6. Be3 Ng4 7. Bb5 Nxe3 8. Nxc6 bxc6 9. Bxc6+ Bd7 10. Bxd7+ Qxd7 11. fxe3 Rb8 12. Rb1 g6 13. Qd4 Rg8 14. 0-0 Bg7 15. Qd3 Be5 16. b3 Kf8 17. Ne2 Kg7 18. Rf3 Rgc8 19. Rbf1 f6 20. Nd4 Rc5 21. c4 a5 22. R3f2 Kg8 23. Rc2 Qg4 24. Nf3 Qe6 25. Rd1 Qg4 26. Rf2 Qe6 27. Qc2 Qd7 28. Rd5 Qa7 29. Nxe5 dxe5 30. Qd3 Kg7 31. Qc3 Rb7 32. Rfd2 Qb6 33. Rxc5 Qxc5 34. Rd5 Qb6 35. Rxa5 Qc6 36. Qd3 e6 37. Kf2 Rd7 38. Qc2 Qd6 39. c5 Qb8 40. c6 Rc7 41. a4 Qb4 42. Rb5 Qd6 43. Rb7 f5 44. Rxc7+ Qxc7 45. b4 f4 46. exf4 exf4 47. a5 g5 48. Qc3+ Kf7 49. b5 g4 50. b6 Qd8 51. c7 Qh4+ 52. Kf1 Qxh2 53. c8Q Qh1+ 54. Kf2 g3+ 55. Kf3 Qf1+ 56. Kg4 h5+ 57. Kg5 1-0

[Event "Sabaneta op-B 2nd"]
[Site "Sabaneta Antioquia"]
[Date "2023.06.30"]
[Round "5"]
[White "Gonzalez Bolivar, Juan Jose"]
[Black "Aguilar, Jairo Alberto"]
[Result "1/2-1/2"]
[WhiteElo "1564"]
[BlackElo "1855"]
[PlyCount "55"]
[EventDate "2023.06.28"]
[EventType "swiss"]
[EventRounds "9"]
[EventCountry "COL"]
[SourceTitle "EXT 2024"]
[Source "ChessBase"]
[SourceDate "2023.10.10"]
[SourceVersion "1"]
[SourceVersionDate "2023.10.10"]
[SourceQuality "1"]

1. e4 e6 2. c4 c5 3. Nc3 Nc6 4. Nf3 d6 5. d3 Be7 6. Be3 Bd7 7. Be2 Nf6 8. h3 a6 9. a3 Rb8 10. d4 cxd4 11. Nxd4 Nxd4 12. Bxd4 b5 13. e5 dxe5 14. Bxe5 Rb6 15. Bd4 Rb8 16. cxb5 axb5 17. b4 0-0 18. 0-0 Bc6 19. Be5 Qxd1 20. Rfxd1 Rb7 21. Rac1 Ra8 22. Bd6 Kf8 23. Bxe7+ Kxe7 24. Rd3 Nd5 25. Nxd5+ Bxd5 26. Bf3 Bxf3 27. Rxf3 Rba7 28. Rcc3 1/2-1/2

[Event "Sabaneta op-B 2nd"]
[Site "Sabaneta Antioquia"]
[Date "2023.06.29"]
[Round "3"]
[White "Gonzalez Bolivar, Juan Jose"]
[Black "Gallon Ramirez, Tomas"]
[Result "1/2-1/2"]
[WhiteElo "1564"]
[BlackElo "1547"]
[PlyCount "66"]
[EventDate "2023.06.28"]
[EventType "swiss"]
[EventRounds "9"]
[EventCountry "COL"]
[SourceTitle "EXT 2024"]
[Source "ChessBase"]
[SourceDate "2023.10.10"]
[SourceVersion "1"]
[SourceVersionDate "2023.10.10"]
[SourceQuality "1"]

1. e4 c5 2. Nf3 d6 3. d4 cxd4 4. Nxd4 Nf6 5. Nc3 a6 6. f3 e5 7. Nb3 Be7 8. Be3 Be6 9. Qd2 Nbd7 10. g4 b5 11. h4 b4 12. Nd5 Bxd5 13. exd5 a5 14. h5 a4 15. Nc1 Qa5 16. Bc4 Nb6 17. Bxb6 Qxb6 18. g5 Nd7 19. Ne2 Qc5 20. Bd3 Nb6 21. b3 Rc8 22. Be4 0-0 23. Rg1 f5 24. gxf6 Bxf6 25. h6 g6 26. Qd3 Kh8 27. Rg4 Qa5 28. Rd1 Nd7 29. Ng3 Nc5 30. Qe2 axb3 31. axb3 Nd7 32. Qd3 Qc5 33. Ne2 Qc7 1/2-1/2

[Event "COL-ch U18"]
[Site "Bogota"]
[Date "2023.05.12"]
[Round "3"]
[White "Gonzalez Bolivar, Juan Jose"]
[Black "Cifuentes Camacho, Miguel Angel"]
[Result "1/2-1/2"]
[WhiteElo "1544"]
[BlackElo "1644"]
[PlyCount "55"]
[EventDate "2023.05.11"]
[EventType "swiss"]
[EventRounds "7"]
[EventCountry "COL"]
[SourceTitle "CBM 214 Extra"]
[Source "ChessBase"]
[SourceDate "2023.07.31"]
[SourceVersion "1"]
[SourceVersionDate "2023.07.31"]
[SourceQuality "1"]

1. e4 c5 2. Nf3 a6 3. d4 cxd4 4. Nxd4 Nf6 5. Nc3 e5 6. Nb3 Bb4 7. f3 d5 8. Bd2 dxe4 9. Nxe4 Nxe4 10. Bxb4 Qb6 11. Qe2 Qxb4+ 12. c3 Nxc3 13. Qxe5+ Qe7 14. Qxe7+ Kxe7 15. bxc3 Bf5 16. Nd4 Bg6 17. Be2 Rc8 18. Kd2 Nc6 19. Bd3 Nxd4 20. cxd4 Bxd3 21. Kxd3 Rc7 22. Rac1 Rac8 23. Rxc7+ Rxc7 24. a4 Kd6 25. Rb1 f6 26. g4 h6 27. a5 Kd5 28. Rb4 1/2-1/2

[Event "COL-ch U14"]
[Site "Cartagena"]
[Date "2023.04.15"]
[Round "4"]
[White "Gonzalez Bolivar, Juan Jose"]
[Black "Sepulveda Brango, Alberto Enrique"]
[Result "1-0"]
[WhiteElo "1524"]
[BlackElo "1265"]
[PlyCount "61"]
[EventDate "2023.04.13"]
[EventType "swiss"]
[EventRounds "7"]
[EventCountry "COL"]
[SourceTitle "CBM 213 Extra"]
[Source "ChessBase"]
[SourceDate "2023.05.31"]
[SourceVersion "1"]
[SourceVersionDate "2023.05.31"]
[SourceQuality "1"]

1. e4 c5 2. Nf3 Nc6 3. d4 cxd4 4. Nxd4 Nf6 5. Nc3 e5 6. Ndb5 d6 7. Nd5 Nxd5 8. exd5 Ne7 9. c4 Ng6 10. Qa4 Bd7 11. Qb4 Bxb5 12. Qxb5+ Qd7 13. Qxd7+ Kxd7 14. Bd3 e4 15. Bc2 f5 16. f3 h6 17. 0-0 Re8 18. fxe4 fxe4 19. Ba4+ Kd8 20. Bxe8 Kxe8 21. Re1 Be7 22. Rxe4 Rf8 23. Be3 b6 24. Re1 Kd7 25. Bd4 Rf7 26. Rg4 Ne5 27. Bxe5 dxe5 28. Rge4 Bc5+ 29. Kh1 Bd6 30. g3 Rf2 31. R4e2 1-0

[Event "Bucaramanga Santander-ch"]
[Site "Bucaramanga"]
[Date "2023.04.01"]
[Round "3"]
[White "Roa Roa, Gerson Stiven"]
[Black "Gonzalez Bolivar, Juan Jose"]
[Result "0-1"]
[WhiteElo "1600"]
[BlackElo "1519"]
[PlyCount "40"]
[EventDate "2023.03.31"]
[EventType "swiss"]
[EventRounds "7"]
[EventCountry "COL"]
[SourceTitle "CBM 213 Extra"]
[Source "ChessBase"]
[SourceDate "2023.05.31"]
[SourceVersion "1"]
[SourceVersionDate "2023.05.31"]
[SourceQuality "1"]

1. d4 Nf6 2. Nf3 e6 3. e3 d5 4. Bd3 c5 5. 0-0 Nc6 6. c3 Be7 7. Nbd2 0-0 8. Qe2 Re8 9. e4 dxe4 10. Nxe4 cxd4 11. Nxf6+ Bxf6 12. Rd1 e5 13. Bxh7+ Kxh7 14. Ng5+ Bxg5 15. Qh5+ Bh6 16. Bxh6 gxh6 17. Rd3 Rg8 18. Qxf7+ Rg7 19. Qh5 Qg5 20. Qxg5 hxg5 0-1

[Event "COL-ch U12"]
[Site "Choconta"]
[Date "2023.03.19"]
[Round "4"]
[White "Gonzalez Bolivar, Juan Jose"]
[Black "Ayala Delgado, Sergio Alejandro"]
[Result "0-1"]
[WhiteElo "1519"]
[BlackElo "1704"]
[PlyCount "110"]
[EventDate "2023.03.17"]
[EventType "swiss"]
[EventRounds "7"]
[EventCountry "COL"]
[SourceTitle "CBM 213 Extra"]
[Source "ChessBase"]
[SourceDate "2023.05.31"]
[SourceVersion "1"]
[SourceVersionDate "2023.05.31"]
[SourceQuality "1"]

1. e4 e5 2. Nf3 Nc6 3. Bc4 Bc5 4. b4 Bxb4 5. c3 Ba5 6. d4 d6 7. Qb3 Qd7 8. 0-0 Bb6 9. Bb5 a6 10. Ba4 Ba7 11. Qb2 b5 12. Bc2 Nf6 13. a4 0-0 14. axb5 axb5 15. d5 Ne7 16. Be3 c5 17. dxc6 Nxc6 18. Qxb5 Rb8 19. Qd3 Bxe3 20. fxe3 Bb7 21. Nbd2 Nd8 22. Rfb1 Ne6 23. Ra7 Nc5 24. Qc4 Rfc8 25. Ba4 Qe7 26. Rb6 h6 27. Bc6 Qd8 28. Rb2 Rxc6 29. Raxb7 Rxb7 30. Rxb7 Qe8 31. Rb5 Ncxe4 32. Qb4 Rc8 33. Nc4 Qc6 34. Nb6 Qxc3 35. Qxc3 Rxc3 36. h3 Rxe3 37. Nc4 Rc3 38. Ncxe5 dxe5 39. Nxe5 Rc1+ 40. Kh2 Rc7 41. Nd3 h5 42. Re5 h4 43. Ne1 Rc1 44. Nf3 g5 45. g4 hxg3+ 46. Kg2 Rc2+ 47. Kg1 g4 48. hxg4 Nf2 49. Ng5 N2xg4 50. Re7 Nd5 51. Re8+ Kg7 52. Re1 Nf4 53. Rf1 Rg2+ 54. Kh1 Rh2+ 55. Kg1 Ne2# 0-1

[Event "COL-ch U12"]
[Site "Choconta"]
[Date "2023.03.19"]
[Round "5"]
[White "Rincon Salazar, Emmanuel"]
[Black "Gonzalez Bolivar, Juan Jose"]
[Result "1-0"]
[WhiteElo "1413"]
[BlackElo "1519"]
[PlyCount "64"]
[EventDate "2023.03.17"]
[EventType "swiss"]
[EventRounds "7"]
[EventCountry "COL"]
[SourceTitle "CBM 213 Extra"]
[Source "ChessBase"]
[SourceDate "2023.05.31"]
[SourceVersion "1"]
[SourceVersionDate "2023.05.31"]
[SourceQuality "1"]

1. e4 e5 2. Nf3 Nc6 3. Bb5 a6 4. Ba4 Nf6 5. d4 exd4 6. 0-0 Be7 7. Re1 0-0 8. e5 Nd5 9. Nxd4 Nb6 10. Bb3 d5 11. Nxc6 bxc6 12. Qf3 c5 13. c3 Rb8 14. Qg3 Bh4 15. Qf3 Bb7 16. Bc2 d4 17. Be4 Bxe4 18. Qxe4 Re8 19. Rd1 Nc4 20. cxd4 Nxe5 21. Nc3 Ng6 22. Qg4 cxd4 23. g3 Bf6 24. Ne4 d3 25. Nxf6+ Qxf6 26. Qc4 Qe7 27. Qxd3 Rbd8 28. Qf1 Rxd1 29. Qxd1 Qe1+ 30. Qxe1 Rxe1+ 31. Kg2 Ne5 32. b3 Nd3 1-0

[Event "Bucaramanga op"]
[Site "Bucaramanga"]
[Date "2022.12.17"]
[Round "3"]
[White "Martinez Zuluaica, Julian"]
[Black "Gonzalez Bolivar, Juan Jose"]
[Result "1-0"]
[WhiteElo "2141"]
[BlackElo "1424"]
[PlyCount "129"]
[EventDate "2022.12.16"]
[EventType "swiss"]
[EventRounds "7"]
[EventCountry "COL"]
[SourceTitle "EXT 2024"]
[Source "ChessBase"]
[SourceDate "2023.10.10"]
[SourceVersion "1"]
[SourceVersionDate "2023.10.10"]
[SourceQuality "1"]

1. d4 Nf6 2. c4 e6 3. g3 d5 4. Bg2 c5 5. dxc5 Bxc5 6. cxd5 Nxd5 7. Nf3 Nc6 8. 0-0 0-0 9. a3 a5 10. Ng5 Be7 11. Ne4 b6 12. Nbc3 Bb7 13. Nxd5 exd5 14. Nc3 d4 15. Nb5 Bc5 16. Bf4 Rc8 17. Rc1 Ba6 18. Bxc6 Rxc6 19. Nxd4 Rc8 20. Nb3 Qxd1 21. Rfxd1 Bxe2 22. Rd2 Bf3 23. Rdc2 Rfd8 24. Rc3 Bb7 25. Nxc5 Rxc5 26. Bc7 Re8 27. Rxc5 bxc5 28. Bxa5 Re2 29. Bc3 f6 30. a4 Re4 31. a5 Ra4 32. f4 Kf7 33. Kf2 g6 34. Re1 Be4 35. b3 Ra2+ 36. Re2 Rxe2+ 37. Kxe2 Bd5 38. b4 cxb4 39. Bxb4 Ke6 40. Kd3 Bb7 41. Kd4 Ba6 42. Kc5 f5 43. Kb6 Bf1 44. a6 Bxa6 45. Kxa6 Kd5 46. Kb6 Ke4 47. Kc6 Kf3 48. Kd5 Kg2 49. Bd6 Kxh2 50. g4 Kg3 51. gxf5 gxf5 52. Ke5 h6 53. Be7 Kg4 54. Bd8 Kh5 55. Be7 Kg6 56. Bf8 Kh7 57. Kxf5 h5 58. Be7 Kg7 59. Ke6 Kg8 60. f5 h4 61. f6 h3 62. f7+ Kh7 63. f8Q h2 64. Kf6 h1Q 65. Qg7# 1-0

[Event "Bucaramanga op"]
[Site "Bucaramanga"]
[Date "2022.12.16"]
[Round "1"]
[White "Rivera Suarez, Cesar Dario"]
[Black "Gonzalez Bolivar, Juan Jose"]
[Result "1/2-1/2"]
[WhiteElo "1774"]
[BlackElo "1424"]
[PlyCount "102"]
[EventDate "2022.12.16"]
[EventType "swiss"]
[EventRounds "7"]
[EventCountry "COL"]
[SourceTitle "EXT 2024"]
[Source "ChessBase"]
[SourceDate "2023.10.10"]
[SourceVersion "1"]
[SourceVersionDate "2023.10.10"]
[SourceQuality "1"]

1. e4 e5 2. Nf3 Nc6 3. d4 exd4 4. Bc4 Bc5 5. c3 Nf6 6. cxd4 Bb6 7. d5 Ne7 8. e5 Ng4 9. 0-0 d6 10. e6 fxe6 11. dxe6 0-0 12. Bg5 d5 13. Bxe7 Qxe7 14. Qxd5 c6 15. Qe4 Nxf2 16. Rxf2 Bxf2+ 17. Kxf2 Rf6 18. Nbd2 Bxe6 19. Re1 Re8 20. Qd4 Qf7 21. Ne4 Rf4 22. Bxe6 Qxe6 23. Nf6+ Rxf6 24. Rxe6 Rfxe6 25. h4 c5 26. Qc4 Kh8 27. Ng5 Rf6+ 28. Kg3 h6 29. Nf3 b6 30. h5 Rf5 31. Qg4 Ref8 32. Kh3 Rf4 33. Qg3 R4f5 34. Qg4 Rf4 35. Qd7 R4f7 36. Qd3 Rf5 37. Nh4 Rxh5 38. g4 c4 39. Qa3 Rd8 40. gxh5 Rd3+ 41. Qxd3 cxd3 42. Ng2 Kg8 43. Kg4 Kf7 44. Kf5 d2 45. Ne3 Ke7 46. Kg6 Kf8 47. b4 b5 48. a3 a6 49. Nd1 Kg8 50. Nc3 Kf8 51. Kf5 Kf7 1/2-1/2

[Event "COL-chT"]
[Site "Bucaramanga"]
[Date "2022.09.07"]
[Round "2.4"]
[White "Rico Hernandez, Edgar"]
[Black "Gonzalez Bolivar, Juan Jose"]
[Result "1-0"]
[WhiteElo "1748"]
[BlackElo "1435"]
[PlyCount "47"]
[EventDate "2022.09.06"]
[EventType "team-swiss"]
[EventRounds "7"]
[EventCountry "COL"]
[SourceTitle "CBM 210 Extra"]
[Source "ChessBase"]
[SourceDate "2022.11.30"]
[SourceVersion "1"]
[SourceVersionDate "2022.11.30"]
[SourceQuality "1"]
[WhiteTeam "Santander Gladiatores"]
[BlackTeam "Santander Chessfy"]
[WhiteTeamCountry "COL"]
[BlackTeamCountry "COL"]

1. d4 Nf6 2. c4 e6 3. Nc3 Bb4 4. Qc2 0-0 5. a3 Be7 6. Nf3 d5 7. Bf4 a6 8. e3 c5 9. dxc5 Bxc5 10. Bg5 Be7 11. Bd3 h6 12. Bh4 dxc4 13. Bxc4 Nfd7 14. Bg3 Nc6 15. 0-0 Bf6 16. Ne4 Nde5 17. Nxf6+ Qxf6 18. Nxe5 Nxe5 19. Be2 Bd7 20. Qc7 Nc6 21. Qxd7 Qxb2 22. Bf3 Rfd8 23. Qc7 Rac8 24. Qf4 1-0

[Event "Bucaramanga Meneses Memorial"]
[Site "Bucaramanga"]
[Date "2022.07.22"]
[Round "4"]
[White "Florez, Leidy Lucila"]
[Black "Gonzalez Bolivar, Juan Jose"]
[Result "0-1"]
[WhiteElo "1319"]
[BlackElo "1424"]
[PlyCount "34"]
[EventDate "2022.07.20"]
[EventType "swiss"]
[EventRounds "8"]
[EventCountry "COL"]
[SourceTitle "EXT 2024"]
[Source "ChessBase"]
[SourceDate "2023.10.10"]
[SourceVersion "1"]
[SourceVersionDate "2023.10.10"]
[SourceQuality "1"]

1. e4 e5 2. Nf3 Nc6 3. Bc4 Nf6 4. d3 Bc5 5. c3 d6 6. Bb3 Bg4 7. Bg5 Qd7 8. Nbd2 0-0-0 9. 0-0 h6 10. Bxf6 gxf6 11. Bc2 Rdg8 12. g3 h5 13. h4 Bh3 14. Re1 Rxg3+ 15. Kh1 Bg2+ 16. Kg1 Bxf3+ 17. Kf1 Qh3# 0-1

[Event "Bucaramanga Meneses Memorial"]
[Site "Bucaramanga"]
[Date "2022.07.20"]
[Round "1"]
[White "Gonzalez Bolivar, Juan Jose"]
[Black "Suarez Pinto, Sergio Rafael"]
[Result "0-1"]
[WhiteElo "1424"]
[BlackElo "1879"]
[PlyCount "74"]
[EventDate "2022.07.20"]
[EventType "swiss"]
[EventRounds "8"]
[EventCountry "COL"]
[SourceTitle "EXT 2024"]
[Source "ChessBase"]
[SourceDate "2023.10.10"]
[SourceVersion "1"]
[SourceVersionDate "2023.10.10"]
[SourceQuality "1"]

1. e4 e5 2. Nf3 Nc6 3. Bc4 Bc5 4. d3 Nf6 5. Bg5 h6 6. Bh4 d6 7. h3 g5 8. Bg3 Na5 9. Bb3 Nxb3 10. axb3 Nh5 11. Bh2 g4 12. hxg4 Bxg4 13. Nbd2 Qf6 14. c3 Rg8 15. b4 Bb6 16. Nc4 Ke7 17. Nxb6 axb6 18. Rxa8 Rxa8 19. d4 Nf4 20. Kf1 Bxf3 21. gxf3 Qh4 22. d5 Qh3+ 23. Ke1 Qg2 24. Rf1 Qxh2 25. Kd2 Qh4 26. Qe1 h5 27. Rh1 Qg5 28. Kc2 h4 29. Qf1 Qg2 30. Qe1 h3 31. Rg1 Qxf3 32. Rg3 Qe2+ 33. Qxe2 Nxe2 34. Rxh3 Nf4 35. Rh1 Rg8 36. Kd2 Ra8 37. Rh2 Kf6 0-1